Les 50 Plus Grosses Ventes De L'Ol - Statistiques

Statistiques générales
  • Ce quiz a été pris 391 fois
    96 depuis la dernière actualisation
  • Le résultat moyen est 33 sur 50
Statistiques - réponses
Joueur Club Acheteur Saison Nationalité Poste Prix du Transfert Ordre % Correct
AlexandreLacazette Arsenal 17/18 France A 53 000 000 € 2
100%
FerlandMendy Real Madrid 19/20 France D 48 000 000 € 3
100%
KarimBenzema Real Madrid 09/10 France A 35 000 000 € 10
100%
Lucas Paqueta West Ham United 22/23 Brésil M 42 950 000 € 5
100%
RayanCherki Manchester City 25/26 France M/A 36 500 000 € 9
100%
BradleyBarcola Psg 23/24 France A 45 000 000 € 4
99%
CorentinTolisso Bayern Munich 17/18 France M 41 500 000 € 7
99%
GeorgesMikautadze Villarreal 25/26 Géorgie A 31 000 000 € 11
99%
MaloGusto Chelsea 22/23 France D 30 000 000 € 12
97%
TanguyNdombélé Tottenham Hotspur 19/20 France M 62 000 000 € 1
97%
BrunoGuimaraes Newcastle United 21/22 Brésil M 42 100 000 € 6
96%
CastelloLukeba RB Leipzig 23/24 France D 30 000 000 € 13
94%
NabilFékir Real Betis 19/20 France M 19 750 000 € 19
92%
MarianoDiaz Real Madrid 18/19 RépubliqueDominicaine A 21 500 000 € 17
91%
MichaelEssien Chelsea 05/06 Ghana M 38 000 000 € 8
90%
SamuelUmtiti Barcelone 16/17 France D 25 000 000 € 16
89%
JakeO'Brien Everton 24/25 Irlande D 19 500 000 € 20
84%
LucasTousart Herta Berlin 19/20 France M 25 000 000 € 15
84%
BetrandTraoré Aston Villa 20/21 Burkina Faso A 18 400 000 € 22
82%
MaxenceCaqueret Como 24/25 France M 15 000 000 € 31
81%
LucasPerri Leeds 25/26 Brésil G 16 000 000 € 26
78%
HugoLloris Tottenham Hotspur 12/13 France G 12 600 000 € 34
75%
JoachimAndersen Crystal Palace 21/22 Danemark D 17 500 000 € 24
75%
MaxwellCornet Burnley 21/22 Cote D'Ivoire A 15 000 000 € 27
75%
MiralemPjanic Rome 11/12 Bosnie M 11 000 000 € 39
70%
EricAbidal Barcelone 07/08 France D 15 000 000 € 30
66%
Martin Terrier Rennes 20/21 France A 12 000 000 € 35
66%
FlorentMalouda Chelsea 07/08 France A 19 000 000 € 21
62%
MouctarDiakhaby Valence 18/19 Guinée D 15 000 000 € 28
58%
DejanLovren Southampton 13/14 Croatie D 10 000 000 € 41
57%
SergiDarder Espanyol Barcelone 18/19 Espagne M 8 000 000 € 46
57%
WillemGeubbels Monaco 18/19 France A 20 000 000 € 18
57%
GiftOrban Hoffenheim 24/25 Nigéria A 9 000 000 € 45
54%
EmmanuelMammana Zénith 17/18 Argentine D 16 000 000 € 25
52%
Jean Lucas Monaco 21/22 Brésil M 11 000 000 € 40
52%
HatemBen Arfa Marseille 08/09 France M 12 000 000 € 36
51%
SaidBenrhama Neom 25/26 Algérie M/A 12 000 000 € 37
51%
MahamadouDiarra Real Madrid 06/07 Mali M 26 000 000 € 14
49%
RomainFaivre Bournemouth 23/24 France M 15 000 000 € 29
48%
MamadouSarr Strasbourg 24/25 France D 10 000 000 € 44
47%
ClintonN'Jie Tottenham Hotspur 15/16 Cameroun A 14 100 000 € 32
44%
JérémyToulalan Malaga 11/12 France M 11 000 000 € 38
41%
Jean - PhilippeMateta Mayence 18/19 France A 8 000 000 € 49
29%
MyzianeMaolida Nice 18/19 France A 10 000 000 € 42
25%
TiagoMendes Juventus 07/08 Portugal M 13 000 000 € 33
24%
Edmilson Barcelone 04/05 Brésil M 8 000 000 € 50
23%
Loic Rémy Nice 08/09 France A 8 000 000 € 47
23%
PéguyLuyindula Marseille 04/05 France A 10 000 000 € 43
19%
Nilmar Corinthias 06/07 Brésil A 8 000 000 € 48
18%
SteveMarlet Fulham 01/02 France A 17 600 000 € 23
15%
Aucun quiz correspondant
Distribution des résultats
% des personnes avec chaque résultat
Percentile par nombre de réponses
Votre historique - résultats
Vous n’avez pas pris ce quiz depuis la dernière actualisation